Italy Euro Squad 2016 - Statistics

General Stats
  • This quiz has been taken 447 times
  • The average score is 15 of 23
Answer Stats
Number Post Player Club % Correct
1 GK Gianluigi Buffon Juventus
100%
19 DF Leonardo Bonucci Juventus
96%
3 DF Giorgio Chiellini Juventus
95%
15 DF Andrea Barzagli Juventus
87%
12 GK Salvatore Sirigu Paris SG
87%
16 MF Daniele De Rossi AS Roma
79%
9 ST Graziano Pellè Southampton
79%
4 MF Matteo Darmian Manchester United
77%
5 DF Angelo Ogbonna West Ham United
75%
11 ST Ciro Immobile Torino
74%
20 ST Lorenzo Insigne Napoli
74%
10 MF Thiago Motta Paris SG
70%
7 ST Simone Zaza Juventus
59%
13 GK Federico Marchetti Lazio
53%
8 MF Alessandro Florenzi AS Roma
50%
17 ST Eder Inter Milan
49%
2 MF Mattia De Sciglio AC Milan
49%
6 MF Antonio Candreva Lazio
45%
18 MF Marco Parolo Lazio
45%
23 MF Emanuele Giaccherini Bologna
35%
21 MF Federico Bernardeschi Fiorentina
30%
22 MF Stephan El Shaarawy AS Roma
30%
14 MF Stefano Sturaro Juventus
26%
No matching quizzes found
Score Distribution
Percent of People with Each Score
Percentile by Number Answered
Your Score History
You have not taken this quiz